Manažment kvality

Gespeichert in:
Bibliographische Detailangaben
1. Verfasser: Leščišin, Michal
Körperschaft: Ekonomická univerzita v Bratislave. Fakulta podnikového manažmentu
Weitere Verfasser: Macko, Ján
Format: Buch
Sprache:Slowakisch
Veröffentlicht: Bratislava EU 1994
Ausgabe:2. vyd.
Schlagworte:
Tags: Tag hinzufügen
Keine Tags, Fügen Sie das erste Tag hinzu!

MARC

LEADER 00000nam a2200000 4500
001 c005164
005 20221214074510.9
020 |a 80-225-0587-0 
041 0 |a slo 
044 |a SK 
245 1 0 |a Manažment kvality  |c Michal Leščišin, Ján Macko 
250 |a 2. vyd. 
264 1 |a Bratislava  |b EU  |c 1994 
300 |a 174 s. 
610 2 0 |a kvalita výrobkov 
610 2 0 |a manažment 
610 2 0 |a normalizácia 
610 2 0 |a certifikácia 
610 2 0 |a skúšobníctvo štátne 
610 2 0 |a riadenie kvality 
100 1 |a Leščišin, Michal 
700 1 |a Macko, Ján 
710 2 |a Ekonomická univerzita v Bratislave. Fakulta podnikového manažmentu